| 000 | 00876nam0a22002411 4500 | ||
|---|---|---|---|
| 001 | v19\rc\2076415 | ||
| 005 | 20260405223210.0 | ||
| 035 | _a(NLR Aleph) 005277203 | ||
| 090 |
_a6060696 _c6060696 |
||
| 100 | _a20081218d1917 |||y0rusy50 ca | ||
| 101 | 0 | _arus | |
| 102 | _aRU | ||
| 105 | _aac z ||||| | ||
| 200 | 1 |
_aТайны Нью-Йорка _eПервый кинороман по произведению Пьера Декурсель в 44 ч. _e[Либретто] |
|
| 210 |
_aМосква _cтип. Е.И. Пичугиной _d[1917] |
||
| 215 |
_a24 c. _cил., портр. _d15х23 |
||
| 702 | 1 |
_4100 _8rus _7ca _aДекурсель _bП. _f1856-1929 _gПьер _3RU\NLR\AUTH\77101404 _984330 |
|
| 801 | 0 |
_aRU _bNLR _c20081218 _gpsbo |
|
| 801 | 1 |
_aRU _bProSoft-M _c20081218 _2rusmarc |
|
| 801 | 2 |
_aRU _bNLR _c20110824 _2rusmarc |
|
| 852 |
_aNLR _j37.60.2.89 |
||
| 942 | _cBOOK | ||
| 980 | _aNB | ||